[Event "AUTO-ADV-803"]
[Site "http://www.queenalice.com/game.php?id=442724"]
[Date "2008.8.2"]
[Round "2"]
[White "edimarbr"]
[Black "razoman"]
[Result "1/2-1/2"]
[WhiteElo "2069"]
[BlackElo "1815"]

1. e4 c5 2. Nf3 Nc6 3. d4 cxd4 4. Nxd4 a6 5. Nc3 d6 6. Be3 e5 7. Nb3 Nf6 8. Be2
Be7 9. O-O O-O 10. f4 exf4 11. Rxf4 Be6 12. Nd5 Bxd5 13. exd5 Ne5 14. Qd2 Rc8
15. Re1 Qc7 16. c4 Nfd7 17. Rd4 Bf6 18. Re4 b6 19. Bf2 Nc5 20. Nxc5 bxc5 21. a3
a5 22. b4 axb4 23. axb4 cxb4 24. Qxb4 Rfd8 25. Qb6 Qb8 26. Qe3 Qb4 27. c5 Qxc5
28. Qxc5 dxc5 29. Rd1 1/2-1/2

[Event "AUTO-ADV-803"]
[Site "http://www.queenalice.com/game.php?id=442727"]
[Date "2008.8.2"]
[Round "2"]
[White "edimarbr"]
[Black "Denis_Maycon_"]
[Result "1-0"]
[WhiteElo "2033"]
[BlackElo "1818"]

1. e4 c5 2. Nf3 d6 3. d4 cxd4 4. Nxd4 Nf6 5. Nc3 a6 6. Bg5 e6 7. f4 h6 8. Bh4
Be7 9. Bf2 b5 10. Bd3 Bb7 11. e5 dxe5 12. fxe5 Nd5 13. Qg4 1-0

[Event "AUTO-ADV-803"]
[Site "http://www.queenalice.com/game.php?id=442728"]
[Date "2008.8.2"]
[Round "2"]
[White "Denis_Maycon_"]
[Black "edimarbr"]
[Result "0-1"]
[WhiteElo "1809"]
[BlackElo "2063"]

1. Nf3 Nf6 2. d4 d5 3. c4 e6 4. Nc3 Bb4 5. cxd5 Nxd5 6. Qb3 O-O 7. e4 Nxc3 8.
bxc3 Be7 9. Bc4 Nd7 10. e5 c5 11. d5 exd5 12. Bxd5 Qc7 13. Bf4 Nb6 14. Be4 Be6
0-1

[Event "AUTO-OPEN-1015"]
[Site "http://www.queenalice.com/game.php?id=444546"]
[Date "2008.8.6"]
[Round "2"]
[White "martusdog"]
[Black "edimarbr"]
[Result "0-1"]
[WhiteElo "1839"]
[BlackElo "2072"]

1. e4 e5 2. Nf3 Nc6 3. Bb5 Bc5 4. c3 a6 5. Bxc6 dxc6 6. b4 Bf8 7. O-O Bg4 8. h3
Bxf3 9. Qxf3 c5 10. a3 c4 11. Rd1 Qd3 12. Qf5 Bd6 13. Rf1 Nf6 14. Re1 O-O 15.
Ra2 Qxb1 16. Rb2 Qa1 17. Rc2 c6 18. Kf1 a5 19. d3 cxd3 20. Rd2 Qxc3 21. Red1 Qc4
22. Bb2 Nxe4 23. Rxd3 axb4 24. f3 Ng3+ 0-1

[Event "AUTO-OPEN-1015"]
[Site "http://www.queenalice.com/game.php?id=444547"]
[Date "2008.8.6"]
[Round "2"]
[White "edimarbr"]
[Black "martusdog"]
[Result "1-0"]
[WhiteElo "2079"]
[BlackElo "1832"]

1. e4 e5 2. Nf3 d6 3. Bc4 Bg4 4. Nc3 c6 5. h3 Bxf3 6. Qxf3 Qf6 7. Qxf6 Nxf6 8.
d3 Nbd7 9. a4 Nb6 10. Bb3 Be7 11. O-O Rd8 12. f4 exf4 13. Bxf4 a5 14. Rae1 O-O
15. e5 dxe5 16. Bxe5 Bc5+ 17. Kh1 Nfd5 18. Nxd5 cxd5 19. d4 Bd6 20. Bxd6 Rxd6
21. Re7 Nd7 22. Rf5 b6 23. Rxd5 Rxd5 24. Bxd5 Nf6 25. Ba2 Re8 26. Bxf7+ 1-0

[Event "AUTO-OPEN-1015"]
[Site "http://www.queenalice.com/game.php?id=444550"]
[Date "2008.8.6"]
[Round "2"]
[White "braseiko"]
[Black "edimarbr"]
[Result "0-1"]
[WhiteElo "2126"]
[BlackElo "2044"]

1. d4 Nf6 2. c4 d6 3. Nc3 g6 4. Nf3 Bg7 5. e3 O-O 6. Bd3 Nc6 7. a3 Re8 8. d5 Nb8
9. O-O e6 10. dxe6 Bxe6 11. e4 Na6 12. Bg5 h6 13. Be3 Nc5 14. Bxc5 dxc5 15. Qc2
c6 16. Rad1 Bg4 17. Qe2 Nh7 18. h3 Bxf3 19. Qxf3 Qh4 20. Rfe1 Ng5 21. Qe3 Bd4
22. Qe2 Nxh3+ 23. gxh3 Qg3+ 24. Kh1 Qxh3+ 25. Kg1 Re5 0-1

[Event "AUTO-OPEN-1015"]
[Site "http://www.queenalice.com/game.php?id=444551"]
[Date "2008.8.6"]
[Round "2"]
[White "edimarbr"]
[Black "braseiko"]
[Result "1-0"]
[WhiteElo "2063"]
[BlackElo "1886"]

1. e4 c5 2. Nf3 d6 3. Nc3 g6 4. d4 cxd4 5. Nxd4 Bg7 6. Be3 Nc6 7. f4 Nxd4 8.
Bxd4 e5 9. fxe5 dxe5 10. Bb5+ Bd7 11. Bc5 Bxb5 12. Qxd8+ Rxd8 13. Nxb5 Nf6 14.
Nd6+ Rxd6 15. Bxd6 Nxe4 16. Ba3 Bh6 17. Rd1 Be3 18. Ke2 Bb6 19. Rd5 f6 20. Rhd1
Kf7 21. Rd7+ Ke6 22. Rxb7 Rc8 23. Rxh7 Ng5 24. Re7+ Kf5 25. c3 Rc4 26. Rf1+ Rf4
27. Rxf4+ Kxf4 28. b4 1-0

[Event "AUTO-OPEN-1016"]
[Site "http://www.queenalice.com/game.php?id=466549"]
[Date "2008.9.22"]
[Round "2"]
[White "schibu"]
[Black "edimarbr"]
[Result "1-0"]
[WhiteElo "2311"]
[BlackElo "2075"]

1. d4 Nf6 2. Nf3 d5 3. Bg5 e6 4. e3 c5 5. Bd3 Be7 6. c3 Nbd7 7. Nbd2 O-O 8. O-O
h6 9. Bh4 c4 10. Bc2 b5 11. Ne5 Nxe5 12. dxe5 Nd7 13. Bxe7 Qxe7 14. f4 b4 15.
Nf3 1-0

[Event "AUTO-OPEN-1016"]
[Site "http://www.queenalice.com/game.php?id=466550"]
[Date "2008.9.22"]
[Round "2"]
[White "edimarbr"]
[Black "schibu"]
[Result "0-1"]
[WhiteElo "2082"]
[BlackElo "2306"]

1. e4 b6 2. Nc3 Bb7 3. d4 e6 4. Bd3 d6 5. Nf3 Nd7 6. Be3 g6 7. O-O Bg7 8. Qd2 h6
9. a4 a6 10. Rad1 Ne7 11. Rfe1 g5 12. d5 e5 13. Qe2 Ng6 14. g3 O-O 15. Qf1 Ne7
0-1

[Event "AUTO-OPEN-1009"]
[Site "http://www.queenalice.com/game.php?id=495816"]
[Date "2008.11.20"]
[Round "3"]
[White "SuperMouse"]
[Black "edimarbr"]
[Result "0-1"]
[WhiteElo "2198"]
[BlackElo "2092"]

1. d4 Nf6 2. c4 g6 3. Nc3 Bg7 4. e4 d6 5. Nf3 Nbd7 6. Be2 O-O 7. Bg5 h6 8. Bh4
c5 9. d5 Qb6 10. Qc2 g5 11. Bg3 Nh5 12. O-O-O a6 0-1

[Event "AUTO-OPEN-1009"]
[Site "http://www.queenalice.com/game.php?id=495817"]
[Date "2008.11.20"]
[Round "3"]
[White "edimarbr"]
[Black "SuperMouse"]
[Result "1-0"]
[WhiteElo "2070"]
[BlackElo "2214"]

1. e4 c5 2. Nf3 d6 3. d4 cxd4 4. Nxd4 Nf6 5. Nc3 g6 6. Be3 Bg7 7. Bc4 Nc6 8. f3
O-O 9. Bb3 Bd7 10. Qd2 Qa5 11. O-O Rfc8 12. Rad1 Ne5 13. Qe2 1-0

[Event "AUTO-OPEN-1015"]
[Site "http://www.queenalice.com/game.php?id=521487"]
[Date "2009.1.13"]
[Round "3"]
[White "edimarbr"]
[Black "mariolusena"]
[Result "0-1"]
[WhiteElo "2110"]
[BlackElo "2405"]

1. e4 Nc6 2. Nf3 e5 3. Bb5 Nf6 4. O-O Bc5 5. c3 O-O 6. d4 Bb6 7. Re1 d6 8. Bg5
h6 9. Bh4 exd4 10. cxd4 g5 11. Bxc6 gxh4 12. Ba4 h3 13. Qc1 Kg7 14. g3 c5 15. e5
Ng4 16. Qf4 dxe5 17. Nxe5 Bc7 18. Qe4 Nf6 19. Qe2 cxd4 20. Nd2 Qd5 21. Nef3 d3
22. Qf1 Bg4 23. Re3 Rad8 24. Bb3 Qd7 25. Bc4 Bf5 26. Ne5 Bxe5 27. Rxe5 Bg4 28.
Rc1 Be2 29. Qe1 Qc6 30. Bd5 Qb5 31. Rxe2 dxe2 32. Bf3 Qd3 0-1

[Event "Combate Rural"]
[Site "http://www.queenalice.com/game.php?id=536225"]
[Date "2009.2.6"]
[Round "-"]
[White "edimarbr"]
[Black "wgiovanini"]
[Result "1-0"]
[WhiteElo "2068"]
[BlackElo "1518"]

1. e4 e5 2. Nf3 f6 3. Nxe5 fxe5 4. Qh5+ g6 5. Qxe5+ Qe7 6. Qxh8 Qxe4+ 7. Kd1
Qg4+ 8. f3 Qh4 9. Qxg8 d6 10. Bc4 Nc6 11. Qf7+ Kd8 12. Qxf8+ Kd7 13. Re1 Qxe1+
14. Kxe1 Ne5 15. Qg7+ Kc6 16. Bb3 Bf5 17. d4 Re8 18. dxe5 Rxe5+ 19. Kf2 h5 20.
c4 b5 21. cxb5+ Rxb5 22. Ba4 Kb6 23. Be3+ c5 24. Bxb5 Kxb5 25. Qb7+ Kc4 26. Qb3#
1-0

[Event "2º TP-ROO"]
[Site "http://www.queenalice.com/game.php?id=541741"]
[Date "2009.2.17"]
[Round "1"]
[White "wgiovanini"]
[Black "edimarbr"]
[Result "0-1"]
[WhiteElo "1466"]
[BlackElo "2109"]

1. Nc3 Nf6 2. d4 e6 3. e4 d6 4. Bb5+ Nbd7 5. Bxd7+ Bxd7 6. Bg5 Be7 7. Bxf6 Bxf6
8. Nf3 O-O 9. Qd3 a6 10. O-O-O d5 11. exd5 c6 12. g4 cxd5 13. h4 b5 14. g5 Be7
15. Rhe1 b4 16. Ne5 bxc3 17. Qxc3 Rc8 18. Qf3 Ba4 19. b3 Qc7 20. Rd2 Bb4 21. Qd3
Bb5 22. Qe3 Qa5 23. Nd3 Qxa2 24. Kd1 Rc3 25. h5 Bxd3 26. Rxd3 Qxc2# 0-1

[Event "2º TP-ROO"]
[Site "http://www.queenalice.com/game.php?id=572104"]
[Date "2009.4.15"]
[Round "2"]
[White "edimarbr"]
[Black "Mutreta"]
[Result "1-0"]
[WhiteElo "2107"]
[BlackElo "2000"]

1. e4 e5 2. Nf3 Nc6 3. Bc4 Nf6 4. d3 d5 5. exd5 Nxd5 6. O-O Be7 7. Re1 f6 8. c3
Nb6 9. Bb3 Bf5 10. Bc2 Qd7 11. d4 O-O-O 12. dxe5 Qxd1 13. Bxd1 Nxe5 14. Nd4 Bg6
15. f4 c5 16. fxe5 cxd4 17. cxd4 Rxd4 18. exf6 Bc5 19. Kh1 gxf6 20. Nc3 Nc4 21.
Bf3 Rhd8 22. Rf1 Re8 23. Nb5 Rd7 24. Bf4 a6 25. Nc3 Nxb2 26. Nd5 Rf7 27. Bg3 Nd3
28. Rac1 Kd8 29. Rc2 Re6 30. Rd2 Kc8 31. Rfd1 Ne5 32. Re2 Rd7 33. Bxe5 Rxe5 34.
Rxe5 fxe5 35. Rc1 Rxd5 36. Bxd5 b6 37. Re1 Bd4 38. Be4 Bf7 39. a3 h5 40. Rf1 Be8
41. h3 Bb5 42. Rf7 Bc5 43. Rh7 Bxa3 44. Rxh5 Bc4 45. Rh8+ Kd7 46. h4 a5 47. h5
Be7 48. h6 Bf6 49. Rb8 b5 50. h7 Ke7 51. g4 Bg7 52. Rg8 Kf7 53. g5 b4 54. Bf3
Bh8 55. Bh5+ Ke6 56. Rxh8 Bd5+ 57. Kg1 b3 58. Re8+ 1-0

[Event "QA-ANNIV-05"]
[Site "http://www.queenalice.com/game.php?id=604209"]
[Date "2009.6.15"]
[Round "1"]
[White "kaspariver"]
[Black "edimarbr"]
[Result "0-1"]
[WhiteElo "1943"]
[BlackElo "2116"]

1. e4 c5 2. Nf3 d6 3. Nc3 Nf6 4. d4 cxd4 5. Nxd4 a6 6. Be3 e5 7. Nb3 Be6 8. Be2
Be7 9. Qd2 O-O 10. f4 Qc7 11. f5 Bc4 12. g4 d5 13. exd5 Rd8 14. Bxc4 Qxc4 15.
O-O-O Bb4 16. Bg5 Rxd5 17. Qg2 Bxc3 18. Bxf6 Rxd1+ 19. Rxd1 Nc6 20. bxc3 gxf6
21. g5 Qf4+ 22. Kb1 Qxg5 23. Qf2 Qh5 24. Rg1+ Kh8 25. h4 Rg8 26. Rxg8+ Kxg8 27.
Nc5 Qd1+ 28. Kb2 Qd5 29. h5 Na5 30. h6 Nc4+ 31. Kc1 Qh1+ 0-1

[Event "QA-ANNIV-05"]
[Site "http://www.queenalice.com/game.php?id=654426"]
[Date "2009.9.18"]
[Round "2"]
[White "edimarbr"]
[Black "HokZ157"]
[Result "1-0"]
[WhiteElo "2123"]
[BlackElo "2029"]

1. e4 c6 2. d4 Nf6 3. Nc3 e6 4. Nf3 Bb4 5. Bg5 Qa5 6. Bd2 Qc7 7. Bd3 d6 8. O-O
Nbd7 9. Qe2 Nf8 10. e5 Nd5 11. Nxd5 cxd5 12. Bxb4 Ng6 13. Bxd6 1-0

[Event "2º TP-ROO"]
[Site "http://www.queenalice.com/game.php?id=772258"]
[Date "2010.5.7"]
[Round "4"]
[White "edimarbr"]
[Black "mg23campos"]
[Result "1-0"]
[WhiteElo "2131"]
[BlackElo "1870"]

1. e4 e5 2. Nf3 Nc6 3. Bc4 h6 4. d4 d6 5. dxe5 dxe5 6. Qxd8+ Kxd8 7. Bxf7 Bg4 8.
Be3 Bxf3 9. gxf3 b6 10. Nc3 Bb4 11. O-O-O+ Ke7 12. Bd5 Kd7 13. Bxg8+ Kc8 14. Bd5
Kb7 15. Rhg1 g5 16. h4 a5 17. hxg5 hxg5 18. Rxg5 Bxc3 19. Rg6 Bb4 20. Bxc6+ Ka6
21. Bxa8 Rxa8 22. c4 Rh8 23. c5 Kb5 24. cxb6 cxb6 25. Rxb6+ Ka4 26. b3+ Ka3 27.
Kb1 Bc3 28. Bc1+ Bb2 29. Bxb2# 1-0